<?xml version="1.0" encoding="UTF-8"?>
<record
    xmlns:xsi="http://www.w3.org/2001/XMLSchema-instance"
    xsi:schemaLocation="http://www.loc.gov/MARC21/slim http://www.loc.gov/standards/marcxml/schema/MARC21slim.xsd"
    xmlns="http://www.loc.gov/MARC21/slim">

  <leader>01030nam a22002297a 4500</leader>
  <controlfield tag="003">KOHA_M&#x130;RAKIL</controlfield>
  <controlfield tag="005">20260428081320.0</controlfield>
  <controlfield tag="008">260421b        tu ||||| |||| 00| 0 tur d</controlfield>
  <datafield tag="020" ind1=" " ind2=" ">
    <subfield code="a">9759513129</subfield>
  </datafield>
  <datafield tag="040" ind1=" " ind2=" ">
    <subfield code="a">TR-AnABB</subfield>
    <subfield code="b">tur</subfield>
    <subfield code="c">TR-AnABB</subfield>
  </datafield>
  <datafield tag="041" ind1=" " ind2=" ">
    <subfield code="a">tur</subfield>
  </datafield>
  <datafield tag="082" ind1=" " ind2=" ">
    <subfield code="a">728.370 472 095 61</subfield>
    <subfield code="b">GOK 2000</subfield>
  </datafield>
  <datafield tag="100" ind1="1" ind2=" ">
    <subfield code="a">G&#xF6;ksu, &#xC7;etin </subfield>
  </datafield>
  <datafield tag="245" ind1="1" ind2="0">
    <subfield code="a">Anadolu g&#xFC;ne&#x15F; uygarl&#x131;&#x11F;&#x131; /</subfield>
    <subfield code="c">&#xC7;etin G&#xF6;ksu</subfield>
  </datafield>
  <datafield tag="260" ind1=" " ind2=" ">
    <subfield code="a">Ankara :</subfield>
    <subfield code="b">&#x130;maj yay&#x131;nevi,</subfield>
    <subfield code="c">2000</subfield>
  </datafield>
  <datafield tag="300" ind1=" " ind2=" ">
    <subfield code="a">200 sayfa ;</subfield>
    <subfield code="c">20 cm</subfield>
  </datafield>
  <datafield tag="500" ind1=" " ind2=" ">
    <subfield code="a">Yazar taraf&#x131;ndan Prof. Dr. Ru&#x15F;en Kele&#x15F; i&#xE7;in imzalanm&#x131;&#x15F;t&#x131;r.</subfield>
  </datafield>
  <datafield tag="505" ind1=" " ind2=" ">
    <subfield code="a">&#x130;&#xE7;indekiler: Neden G&#xFC;ne&#x15F; Uygarl&#x131;&#x11F;&#x131;- Yeni Bir Anadolu - &#xC7;evre Kirlenmesinin boyutlar&#x131; - Uygarl&#x131;k sorunu ve g&#xFC;ne&#x15F; - Bilin&#xE7; kirlenmesi ve g&#xFC;ne&#x15F; bilinci - G&#xFC;ne&#x15F; uygarl&#x131;&#x11F;&#x131; projeleri - Anadolu g&#xFC;ne&#x15F; uygarl&#x131;&#x11F;&#x131; - T&#xFC;rkiye'nin enerji se&#xE7;imi - G&#xFC;ne&#x15F; teknolojileri - Anadolu g&#xFC;ne&#x15F; mimarisi - G&#xFC;ne&#x15F; Uygarl&#x131;&#x11F;&#x131; projesi </subfield>
  </datafield>
  <datafield tag="650" ind1="0" ind2="4">
    <subfield code="a">Mimari, G&#xFC;ne&#x15F; enerjisi</subfield>
  </datafield>
  <datafield tag="900" ind1=" " ind2=" ">
    <subfield code="b">Can &#xC7;ELIK</subfield>
  </datafield>
  <datafield tag="942" ind1=" " ind2=" ">
    <subfield code="2">ddc</subfield>
    <subfield code="c">BK</subfield>
  </datafield>
  <datafield tag="952" ind1=" " ind2=" ">
    <subfield code="0">0</subfield>
    <subfield code="1">0</subfield>
    <subfield code="2">ddc</subfield>
    <subfield code="7">0</subfield>
    <subfield code="a">RUK</subfield>
    <subfield code="b">RUK</subfield>
    <subfield code="d">2026-04-21</subfield>
    <subfield code="l">0</subfield>
    <subfield code="o">728.370 472 095 61 GOK 2000</subfield>
    <subfield code="p">RK7219</subfield>
    <subfield code="r">2026-04-21 08:59:22</subfield>
    <subfield code="w">2026-04-21</subfield>
    <subfield code="y">BK</subfield>
  </datafield>
  <datafield tag="999" ind1=" " ind2=" ">
    <subfield code="c">10312</subfield>
    <subfield code="d">10312</subfield>
  </datafield>
</record>
